000 00623nam a2200205Ia 4500
005 20250508150700.0
008 008 250505s9999 xx 000 0 eng d
037 _aTextual
040 _aFEDL
_beng
_cFEDL
041 _aeng
_2eng
084 _a371.26, GRE
_qFEDL
100 _aGreene Harry A
_992650
245 0 _aMeasurement and evaluation in the elmantray school
260 _c1970
300 _axxiii,639p., 690p.
650 _aEducational - Texts and Measurement
_9757038
700 _a Jorgensen Albert N Gerberich J Raymond
_9757360
942 _cTEXL
_h371.26, GRE
999 _c1325024
_d1325024